|
|
|
|
| LEADER |
00000nam a2200000Ia 4500 |
| 008 |
180404b2006 CR ||||| |||| 00| | spa d |
| 999 |
|
|
|c 1686
|d 1686
|
| 090 |
|
|
|a 06.03.04
|b 1411
|
| 100 |
1 |
|
|a Montoya, Carlos
|9 3537
|
| 245 |
1 |
0 |
|a Eco- Alfabetización. Talleres integrados de educación ambiental para escuelas primarias /
|c Carlos Montoya, Ricardo O. Russo
|
| 260 |
|
|
|a Guácimo, Limón, Costa Rica :
|b Universidad EARTH,
|c 2006
|
| 300 |
|
|
|a 127 páginas
|
| 500 |
|
|
|a Contiene material complementario: canciones y juegos
|
| 650 |
1 |
4 |
|a EDUCACIÓN AMBIENTAL
|9 439
|
| 650 |
1 |
4 |
|a ALFABETIZACIÓN
|9 80
|
| 650 |
1 |
4 |
|a EDUCACIÓN PRIMARIA
|9 367
|
| 700 |
1 |
|
|a Russo, Ricardo O.
|9 3538
|
| 942 |
|
|
|i 003070
|h 06.03.04 1411
|2 z
|c 01
|